=LDR 00000nam 2200000 4500 =001 INLIS000000000035464 =005 20130612141322 =008 ***********************************ind** =035 ##$$0010-061300000035464 =041 ##$$a ind =082 ##$$a 005.368 2 =090 ##$$a 005.368 2, Ent c =100 ##$$a ENTERPRISE, Jubilee =245 ##$$a Cara mudah menguasia Photoshop, Jubilee Enterprise =260 ##$$a 21 cm $b Jakarta =650 ##$$a Komputer - Program Photoshop C34 =850 ##$$a NBPNMAT